Liverpool 2024/25 Champions- Most Important Games - Statistics

General Stats
  • This quiz has been taken 14 times
  • The average score is 4 of 11
Answer Stats
Hint Answer % Correct
1. The one that won it CHAMPIONES CHAMPIONES OLE OLE OLE Liverpool 5-1 Tottenham
100%
2. The one that put us 1 point away Arsenal 2-2 Crystal Palace
75%
4. 3 Points away (the scouser in our team) Leicester 0-1 Liverpool
50%
5. Despite a late own goal, we pull it back and edge closer Liverpool 2-1 West Ham
42%
3. A shock at the Emirates- Liverpool can go 11 points clear Arsenal 0-1 West Ham
33%
8. A sunny afternoon across Stanley Park makes the gunners slip back Everton 1-1 Arsenal
25%
6. A dominant performance without the ball puts us 11 points clear Man City 0-2 Liverpool
25%
7. Another slip up in North London Arsenal 1-1 Brentford
17%
9. 13 clear Liverpool 2-0 Newcastle
8%
11. 13 points now required Liverpool 1-0 Everton
0%
10. Almost an embarrasing slip up but rescued from the spot Liverpool 3-1 Southampton
0%
No matching quizzes found
Score Distribution
Percent of People with Each Score
Percentile by Number Answered
Your Score History
You have not taken this quiz